000
00236nam a2200097Ia 4500
001
668073
005
20250826160342.0
008
250824s9999 xx 000 0 und d
245
0
_a
Dünyanın Yeni Sahipleri
_c
Jean Ziegler
260
_b
ALTIN
999
_c
668073
_d
668073